01237nam a22003374a 4500001001100000003000800011006001900019007001500038008004100053010001700094020002600111020002200137040002100159035002000180050002900200082001800229245010000247260004400347300001500391504005100406533015200457650002800609650001400637650002600651655002900677700001700706700001900723710001700742856012500759999001500884ebr5001415CaPaEBRm u cr cn|||||||||980915s1999 enk sb 001 0 eng  z 98045949  z041518228X (hardback) z0415182298 (pbk.) aCaPaEBRcCaPaEBR a(OCoLC)4813794714aHF5549.5.T7bU419 1999eb04a658.3/12422100aUnderstanding learning at workh[electronic resource] /cedited by David Boud and John Garrick. aLondon ;aNew York :bRoutledge,c1999. aix, 238 p. aIncludes bibliographical references and index. aElectronic reproduction.bPalo Alto, Calif. :cebrary,d2013.nAvailable via World Wide Web.nAccess may be limited to ebrary affiliated libraries. 0aEmployeesxTraining of. 0aLearning. 0aContinuing education. 7aElectronic books.2local1 aBoud, David.1 aGarrick, John.2 aebrary, Inc.40uhttp://site.ebrary.com/lib/rucke/Doc?id=5001415zAn electronic book accessible through the World Wide Web; click to view c1183d1183